000 00998nam a22002537a 4500
999 _c5618
_d5618
003 OSt
005 20251009144050.0
008 251009b ||||| |||| 00| 0 eng d
020 _a9781409591528
_qbook set
040 _cKH8
082 _aFIC DAV
100 _aDavidson, Susanna,
_eauthor.
245 _aThe Ugly Duckling /
_cbased on the story by Hans Christian Anderson ; retold by Susanna Davidson ; illustrated by Daniel Postgate.
260 _aEngland ;
_bUsborne Publishing Ltd ,
_c2006.
300 _a48 pages :
_bcolor illustrations ;
_c20 cm.
490 _aUsborne First Reading
_vlevel four
520 _a"Nobody wants me," said the Ugly Duckling. "I'm too ugly." So he leaves his home and goes out alone into the world. Will he ever find anyone to love him?
650 _aEasy reading
_vfiction
650 _aStory book
_vfiction
700 _aAndersen, Hans Christian,
_eauthor.
700 _aPostgate, Daniel,
_eillustrator.
830 _aUsborne First Reading
942 _2ddc
_cFIC